Top 10 Countries with the Highest Average Height - Statistics

General Stats
  • This quiz has been taken 41 times
  • The average score is 6 of 10
Answer Stats
Hint Answer % Correct
#4 Norway
94%
#1 the Netherlands
86%
#6 Germany
83%
#3 Denmark
78%
#5 Serbia
53%
#7 Croatia
47%
#9 Slovenia
47%
#2 Montenegro
42%
#8 Czech Republic
36%
#10 Luxembourg
36%
No matching quizzes found
Score Distribution
Percent of People with Each Score
Percentile by Number Answered
Your Score History
You have not taken this quiz